MESTSKÁ KNIŽNICA GIRALTOVCE  - online katalóg 

Film (Record no. 14912)

000 -NÁVESTIE
fixed length control field 00623nam a2200193 a 4500
008 - ÚDAJE S PEVNOU DĹŽKOU – VŠEOBECNÉ INFORMÁCIE
fixed length control field 960125s1958||||[C 0 slo c
040 ## - ZDROJ KATALOGIZÁCIE
Pôvodná katalogizujúca agentúra SNK
Jazyk katalogizácie slo
Prepisujúca agentúra SNK
Konvencie popisu AACR2
041 1# - KÓD JAZYKA
Kód jazyka textu/zvukovej stopy alebo samostatných nápisov slo
044 ## - KÓD KRAJINY VYDAVATEĽA/PRODUCENTA
Kód krajiny MARC xo
Kód krajiny ISO SK
080 ## - ČÍSLO MEDZINÁRODNÉHO DESATINNÉHO TRIEDENIA (MDT)
Číslo Medzinárodného desatinného triedenia (MDT) 778.5(091)
020 ## - MEDZINÁRODNÉ ŠTANDARDNÉ ČÍSLO KNIHY (ISBN)
Údaje o dostupnosti 20,30
100 1# - OSOBNÉ MENÁ – VŠEOBECNÉ INFORMÁCIE
Osobné meno Balázs, Béla
Kód roly aut
245 10 - NÁZOV
Názov Film
Zvyšok názvu Vývoj a podstata nového umenia
Údaj o zodpovednosti atď. Béla Balázs ; Prel. Štefan Horváth
260 ## - VYDAVATEĽSKÉ ÚDAJE, DISTRIBÚCIA ATĎ.
Miesto publikovania, distribúcie atď. Bratislava
Názov vydavateľa, distibútora atď. SVKL
Dátum publikovania, distribúcie atď. 1958
Miesto výroby S.l.Polygrafické záv.
Výrobca Polygrafické záv.
300 ## - FYZICKÝ POPIS
Rozsah 382, [8] s.
Ďalšie fyzické detaily [16] obr. príl.
Rozmery
700 1# - PRIDANÝ VSTUP – OSOBNÉ MENO
Osobné meno Horváth, Štefan
Kód roly trl
765 0# - VÄZBA NA PÔVODNÝ JAZYK
Názov Der Film, Werden und Wesen einer neuen, Kunst
958 ## - Formálny deskriptor
Formálny deskriptor A
Holdings
Stav stiahnutia (Blokovanie) (Withrawn status) Stav straty Stav poškodenia (Damaged status) Nie pre výpožičky (Not for loan) Spôsob nadobudnutia (Collection code) Trvalé umiestnenie Aktuálne umiestnenie Dátum nadobudnutia Náklady, bežná kúpna cena Inventárne číslo (prírastkové číslo) Full call number Dátum posledného výskytu Cena s účinnosťou od Typ jednotky Koha
        Kúpa Mestská knižnica Giraltovce Mestská knižnica Giraltovce 2019-11-29 20.30 13953 I 0052 2019-11-29 2019-11-29 Odborná literatúra pre dospelých

Powered by Koha